Sports Quiz

Random Sports or MLB Quiz

2017 NL Opening Day Lineups Quiz Stats

 Plays Quiz Updated Jun 24, 2017

Support Sporcle.
Go Orange.
Score 0/151 Timer 15:00
0 Plays Today
Team Player % Correct
Chicago CubsKris Bryant
86%
Chicago CubsAnthony Rizzo
84.5%
Arizona DiamondbacksPaul Goldschmidt
78.5%
Washington NationalsBryce Harper
78.2%
Cincinnati RedsJoey Votto
77.1%
Miami MarlinsGiancarlo Stanton
76.9%
Los Angeles DodgersAdrian Gonzalez
76%
Colorado RockiesCarlos Gonzalez
76%
Chicago CubsJon Lester
72.9%
Pittsburgh PiratesAndrew McCutchen
72.8%
Los Angeles DodgersJustin Turner
72.2%
Atlanta BravesFreddie Freeman
72.1%
Washington NationalsTrea Turner
72.1%
San Francisco GiantsBuster Posey
71.9%
Los Angeles DodgersClayton Kershaw
71.8%
Colorado RockiesNolan Arenado
70.9%
Chicago CubsAddison Russell
70.2%
Milwaukee BrewersRyan Braun
69.8%
Chicago CubsJavier Baez
69.3%
Colorado RockiesBud Black
68.9%
Chicago CubsJason Heyward
68.8%
Chicago CubsKyle Schwarber
67.8%
Chicago CubsJoe Maddon
67.3%
Los Angeles DodgersCorey Seager
66.2%
Washington NationalsRyan Zimmerman
64.4%
Miami MarlinsDee Gordon
63.8%
Colorado RockiesCharlie Blackmon
63.5%
Los Angeles DodgersYasiel Puig
63.4%
St. Louis CardinalsYadier Molina
63.2%
Miami MarlinsChristian Yelich
61.8%
San Francisco GiantsBrandon Belt
61.8%
Cincinnati RedsBilly Hamilton
61%
Pittsburgh PiratesStarling Marte
61%
Chicago CubsBen Zobrist
59.9%
San Francisco GiantsBrandon Crawford
59.8%
New York MetsYoenis Cespedes
59.6%
Atlanta BravesMatt Kemp
59.5%
San Francisco GiantsMadison Bumgarner
59.2%
Colorado RockiesTrevor Story
58.7%
Arizona DiamondbacksZack Greinke
58.5%
Washington NationalsDaniel Murphy
58.3%
St. Louis CardinalsMatt Carpenter
57.8%
St. Louis CardinalsDexter Fowler
57.1%
Miami MarlinsMarcell Ozuna
56.9%
San Francisco GiantsHunter Pence
56.6%
Chicago CubsWillson Contreras
55.9%
Atlanta BravesBrandon Phillips
55.8%
Arizona DiamondbacksA.J. Pollock
55%
St. Louis CardinalsCarlos Martinez
54.9%
New York MetsJose Reyes
54.4%
San Diego PadresWil Myers
54%
Team Player % Correct
Washington NationalsStephen Strasburg
54%
New York MetsNoah Syndergaard
53.7%
New York MetsJay Bruce
53.2%
Atlanta BravesDansby Swanson
52.3%
Washington NationalsDusty Baker
51.2%
Los Angeles DodgersJoc Pederson
51%
Pittsburgh PiratesJosh Bell
50.3%
Los Angeles DodgersYasmani Grandal
50.2%
Los Angeles DodgersDave Roberts
49.7%
Arizona DiamondbacksJake Lamb
49.7%
Pittsburgh PiratesGerrit Cole
48.8%
Miami MarlinsJustin Bour
48.8%
Miami MarlinsJ.T. Realmuto
48.6%
New York MetsCurtis Granderson
48.6%
Washington NationalsJayson Werth
48.2%
Milwaukee BrewersEric Thames
47.9%
Pittsburgh PiratesGregory Polanco
47.5%
San Francisco GiantsBruce Bochy
47.4%
Miami MarlinsDon Mattingly
47.3%
Arizona DiamondbacksDavid Peralta
46.8%
New York MetsLucas Duda
46.7%
Philadelphia PhilliesCesar Hernandez
46.7%
St. Louis CardinalsJhonny Peralta
46.5%
New York MetsAsdrubal Cabrera
46%
Philadelphia PhilliesMaikel Franco
46%
New York MetsNeil Walker
45.7%
Atlanta BravesEnder Inciarte
45.4%
Colorado RockiesD.J. LeMahieu
44.9%
St. Louis CardinalsMike Matheny
44.9%
Philadelphia PhilliesOdubel Herrera
43.7%
Pittsburgh PiratesJosh Harrison
43.7%
Cincinnati RedsZack Cozart
43.4%
Atlanta BravesJulio Teheran
43.2%
Atlanta BravesNick Markakis
43.1%
New York MetsTerry Collins
43.1%
San Francisco GiantsDenard Span
42.6%
Cincinnati RedsAdam Duvall
42.5%
Colorado RockiesMark Reynolds
42.5%
San Francisco GiantsJoe Panik
42.2%
St. Louis CardinalsAledmys Diaz
39.5%
Pittsburgh PiratesFrancisco Cervelli
38.7%
Washington NationalsAdam Eaton
38.4%
Washington NationalsMatt Wieters
38%
Pittsburgh PiratesClint Hurdle
36.3%
Colorado RockiesJon Gray
36.1%
St. Louis CardinalsStephen Piscotty
35.4%
Cincinnati RedsEugenio Suarez
34.7%
Pittsburgh PiratesDavid Freese
34.7%
Arizona DiamondbacksYasmany Tomas
34.1%
Milwaukee BrewersJonathan Villar
32.9%
Arizona DiamondbacksChris Owings
32.9%
Team Player % Correct
Atlanta BravesAdonis Garcia
31.8%
St. Louis CardinalsRandal Grichuk
31.7%
Atlanta BravesTyler Flowers
31.5%
Milwaukee BrewersTravis Shaw
31.5%
Pittsburgh PiratesJordy Mercer
29.8%
Colorado RockiesGerardo Parra
29%
Philadelphia PhilliesFreddy Galvis
29%
Milwaukee BrewersCraig Counsell
28.2%
Los Angeles DodgersLogan Forsythe
27.8%
St. Louis CardinalsJedd Gyorko
27.7%
Miami MarlinsEdinson Volquez
27.4%
Pittsburgh PiratesAdam Frazier
27.4%
Miami MarlinsAdeiny Hechavarria
27%
Cincinnati RedsScott Schebler
26.3%
Milwaukee BrewersDomingo Santana
26.3%
Philadelphia PhilliesHowie Kendrick
26.3%
Cincinnati RedsBryan Price
25.8%
Milwaukee BrewersKeon Broxton
25.6%
Cincinnati RedsJose Peraza
25.2%
Milwaukee BrewersOrlando Arcia
24.9%
Philadelphia PhilliesJeremy Hellickson
24.8%
San Diego PadresYangervis Solarte
24.7%
Philadelphia PhilliesTommy Joseph
24.4%
Arizona DiamondbacksBrandon Drury
23.5%
San Diego PadresManuel Margot
23.3%
San Diego PadresAndy Green
23.1%
Cincinnati RedsTucker Barnhart
22.8%
Los Angeles DodgersAndrew Toles
21.5%
San Francisco GiantsEduardo Nunez
21.5%
New York MetsRene Rivera
20.9%
San Diego PadresHunter Renfroe
20.9%
Philadelphia PhilliesCameron Rupp
20.7%
Colorado RockiesTony Wolters
18.9%
San Diego PadresAustin Hedges
17.8%
Arizona DiamondbacksTorey Lovullo
17.6%
Miami MarlinsDerek Dietrich
17.5%
Atlanta BravesBrian Snitker
17.3%
Philadelphia PhilliesMichael Saunders
16.9%
Cincinnati RedsScott Feldman
16.7%
Washington NationalsStephen Drew
16.3%
Arizona DiamondbacksJeff Mathis
16.1%
Milwaukee BrewersJunior Guerra
15%
Milwaukee BrewersJett Bandy
14.9%
San Diego PadresJhoulys Chacin
14.6%
San Francisco GiantsJarrett Parker
14.5%
San Diego PadresErick Aybar
14.3%
Philadelphia PhilliesPete Mackanin
13.3%
San Diego PadresTravis Jankowski
13%
San Diego PadresRyan Schimpf
12.8%

You're not logged in!

Compare scores with friends on all Sporcle quizzes.
OR
Log In
Forgot?

From the Vault

Bands on the Album Cover II

by nscox

It seems like it's very easy to photograph a band standing around facing in different directions.
Remove Ads.
Support Sporcle.
Get the best of Sporcle when you Go Orange. This ad-free experience offers more features, more stats, and more fun while also helping to support Sporcle. Thank you for becoming a member.

Show Comments

Extras

Top Quizzes Today


Score Distribution

Your Account Isn't Verified!

In order to create a playlist on Sporcle, you need to verify the email address you used during registration. Go to your Sporcle Settings to finish the process.

Report this User

Report this user for behavior that violates our Community Guidelines.

Details: